Biggest Cities Starting with Spanish Definite Articles - Statistics

General Stats
  • This quiz has been taken 18 times
  • The average score is 7 of 21
Answer Stats
Country Population City % Correct
la Bolivia 758.8K La Paz
94%
la Mexico 250.1K La Paz
94%
los U. S. 3878.7K Los Angeles
94%
los Chile 143.6K Los Ángeles
94%
el U. S. 681.7K El Paso
75%
las U. S. 678.9K Las Vegas
75%
las Spain 297.7K Las Palmas
56%
la Argentina 755.2K La Plata
38%
las U. S. 117.0K Las Cruces
38%
el Bolivia 846.9K El Alto
25%
el Honduras 120.6K El Progreso
6%
la Honduras 209.0K La Ceiba
6%
el Venezuela 114.9K El Limón
0%
el Venezuela 215.8K El Tigre
0%
la Argentina 208.6K La Rioja
0%
la Dom. Rep. 265.3K La Romana
0%
las Philippines 606.3K Las Piñas
0%
las Cuba 176.1K Las Tunas
0%
los Dom. Rep. 282.8K Los Alcarrizos
0%
los Mexico 298.0K Los Mochis
0%
los Venezuela 230.8K Los Teques
0%
No matching quizzes found
Score Distribution
Percent of People with Each Score
Percentile by Number Answered
Your Score History
You have not taken this quiz